Quy trình kỹ thuật chuyên khoa : Dành cho điều dưỡng, hộ sinh, kỹ thuật y

Nội dung sách trình bày các về các quy trình hô hấp, tiêu hóa, thần kinh, tim mạch, nội tiết, tiết niệu, tai mũi họng, phụ sản, phẫu thuật hàm mặt-răng hàm mặt, phục hồi chức năng,...

সংরক্ষণ করুন:
গ্রন্থ-পঞ্জীর বিবরন
প্রধান লেখক: Nguyễn Hoàng Bắc
অন্যান্য লেখক: Nguyễn Thị Hồng Minh (Chủ biên)
বিন্যাস: গ্রন্থ
ভাষা:Vietnamese
প্রকাশিত: H. Y học 2024
বিষয়গুলি:
ট্যাগগুলো: ট্যাগ যুক্ত করুন
কোনো ট্যাগ নেই, প্রথমজন হিসাবে ট্যাগ করুন!
Thư viện lưu trữ: Thư viện Trường Đại học Nam Cần Thơ
LEADER 01944nam a22002657a 4500
001 NCT_4_015464
008 241217b xxu||||| |||| 00| 0 vie d
999 |c 8735  |d 8735 
020 |a 9786046667568  |c 571000 
082 0 4 |2 23rd ed.  |a 610.73  |b B113 
100 1 |a Nguyễn Hoàng Bắc 
245 1 0 |a Quy trình kỹ thuật chuyên khoa :  |b Dành cho điều dưỡng, hộ sinh, kỹ thuật y  |c Nguyễn Hoàng Bắc, Nguyễn Thị Hồng Minh (Chủ biên) 
260 |a H.  |b Y học  |c 2024 
300 |a xviii, 301 tr.  |b Minh hoạ  |c 27cm 
500 |a ĐTTS ghi: Bệnh viện Đại học Y Dược TPHCM 
520 3 |a Nội dung sách trình bày các về các quy trình hô hấp, tiêu hóa, thần kinh, tim mạch, nội tiết, tiết niệu, tai mũi họng, phụ sản, phẫu thuật hàm mặt-răng hàm mặt, phục hồi chức năng,... 
653 |a Điều dưỡng 
700 1 |a Nguyễn Thị Hồng Minh  |e Chủ biên 
942 |2 ddc  |c BK 
952 |0 0  |1 0  |2 ddc  |4 0  |6 610_730000000000000_B113  |7 0  |9 30004  |a 000001  |b 000001  |d 2024-12-17  |l 1  |o 610.73 B113  |p MD.23448  |r 2025-01-17  |s 2025-01-17  |v 571000.00  |w 2024-12-17  |y BK 
952 |0 0  |1 0  |2 ddc  |4 0  |6 610_730000000000000_B113  |7 0  |9 31407  |a 000001  |b 000001  |d 2025-09-19  |o 610.73 B113  |p MD.24419  |r 2025-09-19  |v 650000.00  |w 2025-09-19  |y BK 
952 |0 0  |1 0  |2 ddc  |4 0  |6 610_730000000000000_B113  |7 0  |9 31408  |a 000001  |b 000001  |d 2025-09-19  |o 610.73 B113  |p MD.24420  |r 2025-09-19  |v 650000.00  |w 2025-09-19  |y BK 
952 |0 0  |1 0  |2 ddc  |4 0  |6 610_730000000000000_B113  |7 0  |9 31409  |a 000001  |b 000001  |d 2025-09-19  |o 610.73 B113  |p MD.24421  |r 2025-09-19  |v 650000.00  |w 2025-09-19  |y BK 
952 |0 0  |1 0  |2 ddc  |4 0  |6 610_730000000000000_B113  |7 0  |9 31410  |a 000001  |b 000001  |d 2025-09-19  |o 610.73 B113  |p MD.24422  |r 2025-09-19  |v 650000.00  |w 2025-09-19  |y BK  |z Đã bàn giao về Khoa Điều dưỡng 
980 |a Thư viện Trường Đại học Nam Cần Thơ